000 00599 a2200193 4500
999 _c1644
_d1644
020 _a0796200475 (pbk.)
050 0 0 _aJQ1931
245 0 0 _aService excellence in governance /
_cD. du Toit ... [et al.].
264 _aSandown:
_bHeinemann,
_cc.2002
300 _avi, 442 p. :
_bill. ;
500 _aincludes index
504 _aIncludes bibliographies and index.
650 0 _aPublic administration
651 0 _aSouth Africa
700 1 _aDu Toit, D.
942 _2lcc
_cBK
_h184.37
_iDUT
_kLA